Pokémon Trivia - Steel Type - Statistics

General Stats
  • This quiz has been taken 17 times
  • The average score is 5 of 10
Answer Stats
Question Answer % Correct
Which of these items powers up Steel type moves? Metal Coat
100%
What is the Steel type weak to? Fire, Fighting, Ground
75%
What is the strongest Steel type move with a set base power level? (Non Z-Move) Gigaton Hammer
75%
Steel types cannot be poisoned. However, there is one move in Generation 2 only that can poison a steel type. What is it? Twineedle
75%
How many types does Steel resist? 10
50%
Which of these is not an ability that is exclusive to Steel type Pokémon? Magnet Pull
50%
What is the most common type that is paired with Steel? Psychic
25%
Which of the following about the Steel type is true? Every generation has had a Steel type specialist since its' introduction
0%
Which Generation introduced the least amount of Steel type Pokémon, excluding Generation 1? Generation 6
0%
Which of these methods is NOT one of the methods to evolve into a Steel type Pokémon? Leveling up with High friendship at night
0%
No matching quizzes found
Score Distribution
Percent of People with Each Score
Percentile by Number Answered
Your Score History
You have not taken this quiz